Joshua

Saved in:  
Bibliographic Details
Main Author: Curtis, A. H. W. (Author)
Format: Print Book
Language:English
Subito Delivery Service: Order now.
Check availability: HBZ Gateway
WorldCat: WorldCat
Interlibrary Loan:Interlibrary Loan for the Fachinformationsdienste (Specialized Information Services in Germany)
Published: Sheffield Acad. Press 1994
In: Old Testament guides ([25])
Year: 1994
Reviews:, in: ETR 71/1 (1996) 105-106 (Macchi, Jean-Daniel)
, in: BiOr 54/3-4 (1997) 437-438 (Meer, M.N. van der)
Series/Journal:Old Testament guides [25]
Standardized Subjects / Keyword chains:B Joshua
IxTheo Classification:HB Old Testament
Further subjects:B Introduction
B Joshua

MARC

LEADER 00000cam a2200000 c 4500
001 1113618868
003 DE-627
005 20251224221802.0
007 tu
008 950213s1994 xx ||||| 00| ||eng c
020 |a 1850757062  |9 1-85075-706-2 
035 |a (DE-627)1113618868 
035 |a (DE-576)043618863 
035 |a (DE-599)BSZ043618863 
035 |a (OCoLC)31695632 
040 |a DE-627  |b ger  |c DE-627  |e rakwb 
041 |a eng 
082 0 |a 222.206 
084 |a 6,22  |a 1  |2 ssgn 
084 |a 1  |2 ssgn 
084 |a BC 4000  |2 rvk  |0 (DE-625)rvk/9399: 
100 1 |0 (DE-588)1089361653  |0 (DE-627)853139903  |0 (DE-576)45968017X  |4 aut  |a Curtis, A. H. W. 
109 |a Curtis, A. H. W.  |a Curtis, Adrian  |a Curtis, Adrian H. W. 
245 1 0 |a Joshua  |c Adrian H. W. Curtis 
264 1 |a Sheffield  |b Acad. Press  |c 1994 
300 |a 89 S. 
336 |a Text  |b txt  |2 rdacontent 
337 |a ohne Hilfsmittel zu benutzen  |b n  |2 rdamedia 
338 |a Band  |b nc  |2 rdacarrier 
490 1 |a Old Testament guides  |v [25] 
583 1 |a Archivierung prüfen  |c 20200919  |f DE-640  |z 1  |2 pdager 
583 1 |a Archivierung/Langzeitarchivierung gewährleistet  |f SSG  |x XA-DE-BW  |2 pdager  |5 DE-21 
630 0 7 |0 (DE-588)4028772-5  |0 (DE-627)10627709X  |0 (DE-576)208979387  |a Bibel  |p Josua  |2 gnd 
652 |a HB 
655 7 |a Einführung  |0 (DE-588)4151278-9  |0 (DE-627)104450460  |0 (DE-576)209786884  |2 gnd-content 
689 0 0 |d u  |0 (DE-588)4028772-5  |0 (DE-627)10627709X  |0 (DE-576)208979387  |a Bibel  |2 gnd  |p Josua 
689 0 |5 (DE-627) 
787 0 8 |i Rezension  |a Macchi, Jean-Daniel  |t , in: ETR  |g 71/1 (1996) 105-106 
787 0 8 |i Rezension  |a Meer, M.N. van der  |t , in: BiOr  |g 54/3-4 (1997) 437-438 
830 0 |a Old Testament guides  |v [25]  |9 25]  |w (DE-627)1083608037  |w (DE-576)013608037  |x 0264-6498  |7 am 
935 |a mteo  |a BIIN 
936 r v |a BC 4000  |b Altes Testament Gesamt  |k Theologie und Religionswissenschaften  |k Bibelwissenschaft  |k Bibeltexte, Bibelkommentare und Abhandlungen  |k Bibelkommentare  |k Alttestamentliche Bücher  |k Altes Testament Gesamt  |0 (DE-627)1270886347  |0 (DE-625)rvk/9399:  |0 (DE-576)200886347 
951 |a BO 
BIB |a 1 
BIR |a 33000000_33999999  |b biblesearch 
ELC |b 1 
ITA |a 1  |t 1 
LOK |0 000 xxxxxcx a22 zn 4500 
LOK |0 001 2249055246 
LOK |0 003 DE-627 
LOK |0 004 1113618868 
LOK |0 005 20010918000000 
LOK |0 008 950213||||||||||||||||ger||||||| 
LOK |0 040   |a DE-21  |c DE-627  |d DE-21 
LOK |0 852   |a DE-21 
LOK |0 852 1  |c 27 A 4323-25  |9 00 
LOK |0 866   |x ge-swi 
LOK |0 935   |a theo  |a rswk 
LOK |0 936ln  |a t2.1 
LOK |0 939   |a 13-02-95  |b l01 
LOK |0 000 xxxxxcx a22 zn 4500 
LOK |0 001 3060381542 
LOK |0 003 DE-627 
LOK |0 004 1113618868 
LOK |0 005 20190311234100 
LOK |0 008 190311||||||||||||||||ger||||||| 
LOK |0 035   |a (DE-Tue135-1)57400 
LOK |0 040   |a DE-Tue135-1  |c DE-627  |d DE-Tue135-1 
LOK |0 852   |a DE-Tue135-1 
LOK |0 852 1  |c AT11520  |m p  |9 00 
LOK |0 852 2  |b A 42  |9 00 
LOK |0 935   |a iMON 
LOK |0 936ln  |0 1442044128  |a HB 
LOK |0 938   |k p 
LOK |0 938   |l Josua <Buch>  |8 0 
LOK |0 939   |a 11-03-19  |b l12 
ORI |a SA-MARC-ixtheoa001.raw 
SUB |a BIB 
SYD 0 0 |a Buch Josua,Josua,Joshua,Bibel,Josué,Bible,Joshua,Josué,Iosue,Giosuè,Iēsus,Iēsoys,Jos,Josh,Jsh,Ios,Gs,יהושע,ספר יהושע 
SYG 0 0 |a Buch Josua,Josua,Joshua,Bibel,Josué,Bible,Joshua,Josué,Iosue,Giosuè,Iēsus,Iēsoys,Jos,Josh,Jsh,Ios,Gs,יהושע,ספר יהושע